| 000 | 00614nam a2200229 a 4500 | ||
|---|---|---|---|
| 999 |
_c9503 _d9503 |
||
| 001 | 9503 | ||
| 003 | BD-JhCC | ||
| 005 | 20180925165230.0 | ||
| 008 | 180315s1966 us a|||| || | 001 0 eng d | ||
| 035 | _a(BD-JhCC)9503 | ||
| 040 |
_aBD-JhCC _dBD-JhCC |
||
| 041 | _aeng | ||
| 082 |
_a796.3232 _bPIN 1966 |
||
| 100 | _aPinholster, Garland F. | ||
| 245 |
_aPinholster's Wheel offense for basketball / _cGarland F. Pinholster, |
||
| 260 |
_aU. S. A. _bPrentice-Hall, Inc. _c1966. |
||
| 300 |
_a205 p. : _bill. ; _c23 cm. |
||
| 504 | _aIncludes Index | ||
| 650 | _aBasketball | ||
| 942 |
_2ddc _cBK |
||